The organic systems framework : a new paradigm for understanding and intervening in organizational life /

Bibliographic Details
Main Author: Oshry, Barry, 1932- (Author)
Format: eBook
Language:English
Published: Axminster, England : Triarchy Press, [2019]
Subjects:
Online Access:Click to View
LEADER 01611nam a2200373 i 4500
001 EBC6425436
003 MiAaPQ
005 20210609105201.0
006 m o d |
007 cr cnu||||||||
008 210609s2019 enka o 000 0 eng d
020 |z 9781911193616  |q (print) 
020 |z 9781911193630  |q (electronic bk.) 
035 |a (MiAaPQ)EBC6425436 
035 |a (Au-PeEL)EBL6425436 
035 |a (OCoLC)1138875512 
040 |a MiAaPQ  |b eng  |e rda  |e pn  |c MiAaPQ  |d MiAaPQ 
050 4 |a HM701  |b .O847 2019 
082 0 |a 301  |2 23 
100 1 |a Oshry, Barry,  |d 1932-  |e author. 
245 1 4 |a The organic systems framework :  |b a new paradigm for understanding and intervening in organizational life /  |c Barry Oshry. 
264 1 |a Axminster, England :  |b Triarchy Press,  |c [2019] 
264 4 |c 2019 
300 |a 1 online resource (59 pages) :  |b illustrations 
336 |a text  |b txt  |2 rdacontent 
337 |a computer  |b c  |2 rdamedia 
338 |a online resource  |b cr  |2 rdacarrier 
588 |a Description based on print version record. 
590 |a Electronic reproduction. Ann Arbor, MI : ProQuest, 2018. Available via World Wide Web. Access may be limited to ProQuest affiliated libraries. 
650 0 |a Social systems. 
655 4 |a Electronic books. 
776 0 8 |i Print version:  |a Oshry, Barry, 1932-  |t Organic systems framework : a new paradigm for understanding and intervening in organizational life.  |d Axminster, England : Triarchy Press, c2019   |h 59 pages   |z 9781911193616 
797 2 |a ProQuest (Firm) 
856 4 0 |u https://ebookcentral.proquest.com/lib/matrademy/detail.action?docID=6425436  |z Click to View